| 000 | 00926nam a22003017a 4500 | ||
|---|---|---|---|
| 001 | 200461846 | ||
| 003 | TR-AnTOB | ||
| 005 | 20241119103344.0 | ||
| 008 | 240717b tu ||||| |||| 00| 0 tur d | ||
| 020 | _a9786050834055 | ||
| 040 |
_aTR-AnTOB _beng _erda _cTR-AnTOB |
||
| 041 | _atur | ||
| 092 |
_a813.42 _b ORA 2022 |
||
| 100 | 1 |
_aOrakçı, Mustafa _9139887 |
|
| 245 |
_aAkbaba Dobrilla'nın inanılmaz yolculuğu / _c Mustafa Orakçı ; editör : Tülay Öncü, resimleyen : Berk Öztürk |
||
| 250 | _a2.bs. | ||
| 260 |
_aİstanbul : _bTimaş ; _c2022. |
||
| 300 |
_a 96 Pages. : _bill. ; _c20 cm. |
||
| 336 |
_atext _btxt _2rdacontent |
||
| 337 |
_aunmediated _bn _2rdamedia |
||
| 338 |
_avolume _bnc _2rdacarrier |
||
| 653 | _aTürk hikayeleri | ||
| 700 | 1 |
_aÖncü, Tülay _9146423 |
|
| 700 | 1 |
_aÖztürk, Berk, _d1988- _9138595 |
|
| 942 |
_2ddc _cBK |
||
| 999 |
_c200461846 _d80058 |
||